[Event "Puspokladany Arnoth Memorial 15th"]
[Site "Puspokladany"]
[Date "2022.07.30"]
[Round "7"]
[White "Donka, Peter"]
[Black "Bravin, Alexey"]
[Result "0-1"]
[WhiteElo "1961"]
[BlackElo "1993"]
[PlyCount "72"]
[EventDate "2022.07.27"]
[EventType "swiss"]
[EventRounds "9"]
[EventCountry "HUN"]
[SourceTitle "EXT 2023"]
[Source "ChessBase"]
[SourceDate "2022.10.05"]
[SourceVersion "1"]
[SourceVersionDate "2022.10.05"]
[SourceQuality "1"]

1. d4 d5 2. Nf3 Nf6 3. e3 c5 4. a3 c4 5. b3 cxb3 6. c4 Qb6 7. Bb2 Bf5 8. c5 Qc7 9. Qxb3 a6 10. Nc3 e6 11. Be2 Be7 12. 0-0 0-0 13. Nh4 Ng4 14. Nf3 h5 15. h3 Nf6 16. Rac1 Nc6 17. Rfd1 Rad8 18. Na4 Kh8 19. Ne5 g5 20. Qb6 Rc8 21. f4 g4 22. hxg4 hxg4 23. Qxc7 Rxc7 24. g3 Nxe5 25. fxe5 Ne4 26. Kg2 Bg5 27. Rd3 Kg7 28. Rh1 f6 29. exf6+ Nxf6 30. Rb3 Bc2 31. Rb4 a5 32. Rb6 Bxa4 33. Bc3 Ne4 34. Bb4 Rf2+ 35. Kg1 Bxe3 36. Bc3 Rxe2+ 0-1

[Event "Puspokladany Arnoth Memorial 15th"]
[Site "Puspokladany"]
[Date "2022.07.29"]
[Round "5"]
[White "Csontos, Aron"]
[Black "Bravin, Alexey"]
[Result "1/2-1/2"]
[WhiteElo "1889"]
[BlackElo "1993"]
[PlyCount "99"]
[EventDate "2022.07.27"]
[EventType "swiss"]
[EventRounds "9"]
[EventCountry "HUN"]
[SourceTitle "EXT 2023"]
[Source "ChessBase"]
[SourceDate "2022.10.05"]
[SourceVersion "1"]
[SourceVersionDate "2022.10.05"]
[SourceQuality "1"]

1. e4 e5 2. Nf3 Nc6 3. Bb5 a6 4. Bxc6 dxc6 5. Nc3 Bg4 6. h3 Bxf3 7. Qxf3 Qf6 8. Qg3 Bd6 9. 0-0 Qg6 10. Qxg6 hxg6 11. d3 Nf6 12. f4 Bc5+ 13. Kh2 Nd7 14. f5 gxf5 15. Rxf5 f6 16. Bd2 Nf8 17. Ne2 0-0-0 18. Raf1 Be7 19. g4 g5 20. Ng3 Nd7 21. Nh5 Rdf8 22. Be1 Rhg8 23. h4 gxh4 24. Kh3 Rg6 25. Bxh4 Rfg8 26. Rg1 Kd8 27. Bf2 c5 28. c3 Bd6 29. d4 cxd4 30. cxd4 Ke7 31. Be3 c6 32. g5 Ke6 33. Nxf6 Nxf6 34. Rxf6+ Rxf6 35. gxf6 Rxg1 36. Bxg1 Kxf6 37. Kg4 exd4 38. Bxd4+ Be5 39. Bxe5+ Kxe5 40. Kf3 c5 41. Ke3 c4 42. b3 cxb3 43. axb3 a5 44. Kd3 b5 45. Ke3 a4 46. bxa4 bxa4 47. Kd3 a3 48. Kc3 Kxe4 49. Kb3 Kd4 50. Kxa3 1/2-1/2

[Event "Puspokladany Arnoth Memorial 15th"]
[Site "Puspokladany"]
[Date "2022.07.28"]
[Round "2"]
[White "Bravin, Alexey"]
[Black "Nemeth, Zalan"]
[Result "0-1"]
[WhiteElo "1993"]
[BlackElo "2194"]
[PlyCount "144"]
[EventDate "2022.07.27"]
[EventType "swiss"]
[EventRounds "9"]
[EventCountry "HUN"]
[SourceTitle "EXT 2023"]
[Source "ChessBase"]
[SourceDate "2022.10.05"]
[SourceVersion "1"]
[SourceVersionDate "2022.10.05"]
[SourceQuality "1"]

1. e4 c5 2. Nf3 Nc6 3. Bb5 e5 4. 0-0 Bd6 5. d3 Nge7 6. Nbd2 a6 7. Bxc6 Nxc6 8. Nc4 Bc7 9. Ne3 Ne7 10. c4 0-0 11. Qc2 d6 12. h3 f5 13. Nd5 Nxd5 14. exd5 b5 15. b3 Qe8 16. Bb2 Qh5 17. Nh2 g5 18. Qd1 Qg6 19. f3 Bd8 20. g4 h5 21. Kg2 Ra7 22. Qe2 Rh7 23. Rh1 Qh6 24. gxf5 Bxf5 25. Nf1 Qg6 26. Rd1 g4 27. fxg4 hxg4 28. Ne3 gxh3+ 29. Kh2 Bg5 30. Rhg1 Bd7 31. Rxg5 Qxg5 32. Rg1 Qxg1+ 33. Kxg1 Rg7+ 34. Kh1 Rf4 35. Bc1 h2 36. Ng2 Rfg4 37. Kxh2 Rxg2+ 38. Qxg2 Rxg2+ 39. Kxg2 Bf5 40. d4 cxd4 41. Ba3 bxc4 42. bxc4 Kf7 43. Bxd6 Kf6 44. Kf3 Bb1 45. a3 Kf5 46. Bc7 e4+ 47. Kf2 e3+ 48. Ke2 Ke4 49. Ke1 d3 50. Ba5 Ke5 51. Bc3+ Kd6 52. Bd4 e2 53. Kd2 Ba2 54. c5+ Kxd5 55. Bf2 Bc4 56. Kc3 Kc6 57. Kd2 Kb5 58. Kc3 Ka4 59. c6 a5 60. c7 Ba6 61. Be1 Kxa3 62. c8Q Bxc8 63. Kxd3 Ba6+ 64. Kd2 Kb2 65. Bf2 a4 66. Bd4+ Kb1 67. Bc5 Bc4 68. Bf2 Kb2 69. Bd4+ Kb3 70. Ba1 a3 71. Be5 Ka2 72. Bd6 Kb2 0-1